Statistics for New York Teams In All Sports

Click here to take the quiz!

General Stats

  • This quiz has been taken 43 times
    (26 since last reset)
  • The average score is 9 of 9

Answer Stats

HintAnswer% Correct
American FootballNew York Giants
100%
American FootballNew York Jets
100%
BaseballNew York Yankees
100%
BasketballBrooklyn Nets
96%
BasketballNew York Knicks
96%
HockeyNew York Rangers
96%
HockeyNew York Islanders
91%
BaseballNew York Mets
91%
American FootballBuffalo Bills
87%

Score Distribution

Percentile by Number Answered

Percent of People with Each Score

Your Score History

You have not taken this quiz since the last reset